000 01579nam a2200409 a 4500
003 CHAP
005 20220329143126.0
008 060602d2003 mx r 10100 spa d
010 _a92326
011 _a93298
020 _a9686624767
035 _a103870
040 _cCHAP
082 0 4 _a622.1828
_bS4
111 2 _aSeminario Internacional de Prospectiva : Energía, Medio Ambiente y Desarrollo Sustentable para el Siglo XXI. El Papel de las Universidades en Regiones Petroleras
_d(2003 :
_cCampeche, México)
_9104130
245 1 0 _aMemorias
_c/Por Universidad Autónoma del Carmen
260 _aCampeche, Méx. :
_bUniversidad Autónoma del Carmen. Secretaría de Extensión Universitaria,
_c2003.
300 _a246 p.
490 0 _aColección especial
_v; 6
590 _aBATCH-UPD
_b10
_c20130110
_lUCH01
_h0636
590 _aBATCH-UPD
_b10
_c20130410
_lUCH01
_h0320
590 _aBATCH-UPD
_b10
_c20130410
_lUCH01
_h1639
590 _aBATCH-UPD
_b10
_c20130914
_lUCH01
_h1158
590 _aCONVERSION
_b10
_c20130109
_lUCH01
_h1351
650 1 4 _aDesarrollo sustentable
_xCongresos.
_932085
650 1 4 _aEnergía
_xCongresos.
_936883
650 1 4 _aMedio ambiente
_xCongresos.
_974067
650 1 4 _aPetróleo
_zMéxico.
_987678
650 1 4 _aPolítica petrolera
_xMéxico.
_990688
650 1 4 _aVinculación Universidad-Empresa.
_9119835
710 2 _aUniversidad Autónoma del Carmen.
_9116361
830 0 _aColección especial
_v; 6
_924849
901 _aBK
905 _aLilia
942 _cLIBRO
949 _a622.1828 S4
_bBC
_cCONG
_d33724000988549
_eCONG
_h108047
_i103870
_sb
999 _c92326
_d92326